000 00682nam a2200253Ia 4500
003 OSt
005 20220918185413.0
006 a|||||r|||| 00| 0
007 ta
008 220917b |||||||| |||| 00| 0 eng d
024 _a50,920
037 _cTextual
040 _aARTS
_cARTS
_beng
041 _2eng
_aeng
082 _aP111:1, K53 (PD)
100 _aHuang Raymond
_968914
245 0 _aEnglish pronunciation
_b explained with diagrams
260 _aHong
_bKong Univ Press
_c1965
300 _axvi,181p.
_ccm.
500 _aBib 178-79p
650 _aLINGUISTICS
942 _hP111:1, K53 (PD)
_cTEXL
_2CC
999 _c180515
_d180515